Gecenin Atları Konstantiniyye Üçlemesi III (Record no. 4062)

000 -LEADER
fixed length control field 00525nam a22001817a 4500
008 - FIXED-LENGTH DATA ELEMENTS--GENERAL INFORMATION
fixed length control field 190524b ||||| |||| 00| f eng d
020 ## - INTERNATIONAL STANDARD BOOK NUMBER
International Standard Book Number 9789750820656
041 ## - LANGUAGE CODE
Language code of text/sound track or separate title Türkçe
050 ## - LIBRARY OF CONGRESS CALL NUMBER
Classification number PL248.T4559
100 ## - MAIN ENTRY--PERSONAL NAME
9 (RLIN) 1134
Personal name Teoman, Ali
245 ## - TITLE STATEMENT
Title Gecenin Atları Konstantiniyye Üçlemesi III
250 ## - EDITION STATEMENT
Edition statement 1. Baskı
260 ## - PUBLICATION, DISTRIBUTION, ETC.
Place of publication, distribution, etc. İstanbul:
Name of publisher, distributor, etc. Yapı Kredi Yayınları,
Date of publication, distribution, etc. Ağustos 2011
300 ## - PHYSICAL DESCRIPTION
Extent 483 Sayfa
500 ## - GENERAL NOTE
General note Yapı Kredi Yayınları: 3406; Edebiyat: 991
650 #0 - SUBJECT ADDED ENTRY--TOPICAL TERM
9 (RLIN) 145
Topical term or geographic name entry element Türk Edebiyatı
942 ## - ADDED ENTRY ELEMENTS (KOHA)
Source of classification or shelving scheme
Koha item type Books
Holdings
Withdrawn status Lost status Source of classification or shelving scheme Damaged status Not for loan Permanent Location Current Location Shelving location Date acquired Full call number Barcode Date last seen Price effective from Koha item type
        Ödünç verilemez İmren Ahmet Tüzün Kütüphanesi İmren Ahmet Tüzün Kütüphanesi Ahmet Tüzün 2020-03-02 PL248.T4559 100100004359 2020-03-02 2020-03-02 Books

This software was implemented, installed and managed by Devinim Software Training Consulting .